| 000 | 00436nam a2200181Ia 4500 | ||
|---|---|---|---|
| 001 | 25173 | ||
| 005 | 20260414151132.0 | ||
| 008 | 260414t2013||||xx |||||||||||||| ||spa|| | ||
| 041 | _aESP | ||
| 082 |
_a346.3 _bF43 |
||
| 100 |
_aFerrero Costa, Augusto _eAUT |
||
| 245 | 0 |
_aTratado de derecho de sucesiones _b |
|
| 260 | _c2013 | ||
| 300 |
_a893 páginas : : _c25 cm. |
||
| 650 | _aDER | ||
| 654 | _aCDE | ||
| 942 |
_cLIB _dJUS _fJUS _2ddc _n |
||
| 999 |
_c25173 _d25173 |
||